| 000 | 00634nam a22002297a 4500 | ||
|---|---|---|---|
| 999 |
_c5855 _d5855 |
||
| 003 | AR-CdUCM | ||
| 008 | 190313b ||||| |||| 00| 0 spa d | ||
| 040 |
_aMUNICIPALIDAD PROVINCIAL DEL CUSCO _cBIBLIOTECA MUNICIPAL DEL CUSCO |
||
| 082 |
_a869.56 / _bJ64 |
||
| 100 |
_aJodorowsky, Raquel _917309 |
||
| 245 | _aLa Ciudad Inclemente / | ||
| 260 |
_aLima : _bEl Oso y la Pajarita, _c1979. |
||
| 300 |
_a18 paginas ; _c22cm. |
||
| 500 | _aPoesias | ||
| 650 |
_apoesia _917310 |
||
| 650 |
_aPeru _9429 |
||
| 650 |
_aLiteratura _983 |
||
| 650 |
_aSiglo XX _98 |
||
| 650 |
_aRomanticismo _9518 |
||
| 942 |
_2ddc _cLIBROS |
||
| 945 | _apjha | ||